| 000 | 00000nam##2200000za#4500 |
| 001 | 9.635382 |
| 003 | CaOODSP |
| 005 | 20210624220229 |
| 007 | cr ||||||||||| |
| 008 | 150407|2008||||xxc|||||o f|0| 0 fre|d |
| 020 | |a978-0-662-04024-8 |
| 040 | |aCaOODSP|bfre |
| 043 | |an-cn--- |
| 086 | 1 |aH164-2/2008F-PDF |
| 110 | 1 |aCanada. |bSanté Canada. |
| 245 | 10|aAperçu de la Direction des produits de santé commercialisés |h[ressource électronique] |
| 260 | |aOttawa - Ontario : |bSanté Canada |c[2008]. |
| 300 | |a2p. |
| 590 | |a12-24-Supp|b2012-05-30 |
| 691 | 07|aProduit pour les soins de santé|2gcpds |
| 691 | 07|aServices gouvernementaux|2gcpds |
| 775 | 08|tAn overview of the Marketed Health Products Directorate |w(CaOODSP)9.691043 |
| 856 | 40|ahttp://publications.gc.ca|qPDF|s524 Ko|uhttps://publications.gc.ca/collections/collection_2011/sc-hc/H164-2-2008-fra.pdf |
| 986 | |aSC Pub : 4767 |